00741cam a22002171 4500001001300000003000400013005001700017008004100034010001700075035001800092040001800110042001200128050001500140100003100155245018100186260005200367300001800419500003000437610003900467999001700506sa 64008232 DLC20260227112053.0720817s1963 xx 000 0 ind  asa 64008232  a(OCoLC)384284 aDLCcOAUdDLC apremarc00aJQ772b.A61 aAbdulgani, Roeslan,d1914-10aPidato pelantikan Dewan Pembantu Menteri Penerangan dalam pembinaan pers dan Dewan Pertimbangan Pers.cDiutjapkan oleh Roeslan Abdulgani pada tanggal 8 Djuni 1963, di Djakarta. a[Djakarta]bDepartemen Peneranganc[cover 1963] a24 p.c22 cm. a"Penerbitan chusus, 264."10aIndonesia.bDepartemen Penerangan. c60763d60763